|
|
|
|
| LEADER |
00000nbm0a2200000 4500 |
| 001 |
71236 |
| 005 |
20231031082436.0 |
| 035 |
|
|
|a (RuTPU)RU\TPU\book\75842
|
| 090 |
|
|
|a 71236
|
| 100 |
|
|
|a 20041211d1981 k y0rusy50 ca
|
| 101 |
0 |
|
|a rus
|
| 102 |
|
|
|a RU
|
| 105 |
|
|
|a a m 001zy
|
| 200 |
1 |
|
|a Исследование работы коронок режуще-скалывающего действия с целью повышения эффективности их применения при бурении геологоразведочных скважин
|e диссертация на соискание ученой степени кандидата технических наук
|e Спец. 04.00.19.
|f К. И. Борисов
|g Томский политехнический институт; науч. рук.: С. С. Сулакшин
|
| 210 |
|
|
|a Томск
|c [Б. и.]
|d 1981
|
| 215 |
|
|
|a 286 л.
|c ил.
|
| 320 |
|
|
|a Библиогр.: с. 206-219 (133 назв.)
|
| 610 |
1 |
|
|a методики
|
| 610 |
1 |
|
|a техника поиска
|
| 610 |
1 |
|
|a разведка
|
| 610 |
1 |
|
|a полезные ископаемые
|
| 610 |
1 |
|
|a геология
|
| 610 |
1 |
|
|a скважины
|
| 610 |
1 |
|
|a геологоразведочное бурение
|
| 610 |
1 |
|
|a бурение
|
| 610 |
1 |
|
|a резание
|
| 610 |
1 |
|
|a эффективность
|
| 610 |
1 |
|
|a применение
|
| 610 |
1 |
|
|a твердые тела
|
| 610 |
1 |
|
|a разрушение
|
| 610 |
1 |
|
|a диссертации
|
| 610 |
1 |
|
|a горные породы
|
| 675 |
|
|
|a 550.82(048)
|v 3
|
| 686 |
|
|
|a 04.00.19.
|2 oksvnk
|
| 700 |
|
1 |
|a Борисов
|b К. И.
|g Константин Иванович
|
| 702 |
|
1 |
|a Сулакшин
|b С. С.
|4 727
|
| 712 |
0 |
2 |
|a Томский политехнический институт
|2 stltpush
|3 (RuTPU)RU\TPU\col\1123
|
| 801 |
|
1 |
|a RU
|b 63413507
|c 20041211
|g PSBO
|
| 801 |
|
2 |
|a RU
|b 63413507
|c 20071121
|g PSBO
|
| 942 |
|
|
|c BK
|